[Event "Gibtelecom Masters 8th"]
[Site "Gibraltar"]
[Date "2010.01.31"]
[Round "6.34"]
[White "Lyell, Mark"]
[Black "Cori Tello, Deysi"]
[Result "0-1"]
[WhiteElo "2224"]
[BlackElo "2412"]
[PlyCount "68"]
[EventDate "2010.01.26"]
[EventType "swiss"]
[EventRounds "10"]
[EventCountry "GGB"]
[SourceDate "2005.02.07"]

1. e4 e6 2. d4 d5 3. exd5 exd5 4. Nf3 Bd6 5. c4 dxc4 6. Bxc4 Nf6 7. O-O O-O 8Qc2 Nc6 9. h3 Nb4 10. Qb3 Bf5 11. Na3 a5 12. Ne5 Bxe5 13. dxe5 Ne4 14. Qf3 Bg6
15. Re1 Nc5 16. Bf4 Ncd3 17. Red1 Qd4 18. Bxd3 Nxd3 19. Bg3 Qxb2 20. Nc4 Qc3
21. Ne3 c6 22. Nf5 Bxf5 23. Qxf5 Rad8 24. Rab1 Qc2 25. Bh4 Rd5 26. Be7 Rxe5 27Qd7 Qxf2+ 28. Kh1 Re2 29. Rg1 Qe3 30. Bd6 Rd2 31. Qc7 Re8 32. Rxb7 Nf2+ 33. Kh2
Ng4+ 34. Kh1 Qxg1+ 0-1

[Event "Gibtelecom Masters 8th"]
[Site "Gibraltar"]
[Date "2010.01.31"]
[Round "6.35"]
[White "Ivanov, Stojan Emilov"]
[Black "Nezad, Husein Aziz"]
[Result "1-0"]
[WhiteElo "2198"]
[BlackElo "2408"]
[PlyCount "73"]
[EventDate "2010.01.26"]
[EventType "swiss"]
[EventRounds "10"]
[EventCountry "GGB"]
[SourceDate "2005.02.07"]

1. Nf3 Nf6 2. d4 e6 3. c4 c5 4. Nc3 d5 5. cxd5 exd5 6. g3 Nc6 7. Bg2 cxd4 8Nxd4 Be7 9. O-O O-O 10. Nxc6 bxc6 11. e4 d4 12. Na4 c5 13. Bg5 Nd7 14. Bxe7
Qxe7 15. Rc1 Rd8 16. Qd2 Ba6 17. Rfd1 Rac8 18. Qa5 Be2 19. Rd2 Bh5 20. b4 Ne5
21. Nxc5 Nf3+ 22. Bxf3 Bxf3 23. Qa3 Qg5 24. Qd3 a5 25. Rdc2 Qh5 26. bxa5 Rc6
27. h4 g5 28. Nd7 Rd6 29. Ne5 Bg4 30. Nxg4 Qxg4 31. hxg5 Qxg5 32. Rc5 Qg4 33Kg2 Rh6 34. Rh1 Rxh1 35. Kxh1 Qh3+ 36. Kg1 Rd6 37. Rd5 1-0

[Event "Gibtelecom Masters 8th"]
[Site "Gibraltar"]
[Date "2010.01.31"]
[Round "6.36"]
[White "Byron, Alan M"]
[Black "Tania, Sachdev"]
[Result "1/2-1/2"]
[WhiteElo "2196"]
[BlackElo "2398"]
[PlyCount "95"]
[EventDate "2010.01.26"]
[EventType "swiss"]
[EventRounds "10"]
[EventCountry "GGB"]
[SourceDate "2005.02.07"]

1. e4 e5 2. Nf3 Nc6 3. Bb5 a6 4. Ba4 Nf6 5. O-O Be7 6. Re1 b5 7. Bb3 d6 8. c3
O-O 9. h3 Nd7 10. d4 Bf6 11. a4 Bb7 12. a5 Re8 13. d5 Ne7 14. Ba2 Nf8 15. Nh2
Neg6 16. Ng4 Bg5 17. Bxg5 Qxg5 18. Nd2 Bc8 19. Re3 h5 20. Nf3 Qe7 21. Ngh2 Nf4
22. h4 Nh7 23. g3 Ng6 24. Kf1 Bd7 25. Bb3 Rf8 26. Nd2 Nf6 27. Qe2 Rab8 28. Ke1
Rfc8 29. Rd3 Nf8 30. Nhf1 b4 31. c4 c6 32. Ne3 g6 33. f3 Be8 34. Ba4 cxd5 35cxd5 Bxa4 36. Rxa4 Rc1+ 37. Kf2 Qd7 38. Ra2 Qh3 39. Nef1 Rbc8 40. Nb3 R1c2 41Rd2 R2c4 42. Ra1 N8h7 43. Kg1 Nd7 44. Qd3 Nb8 45. Rh2 Qd7 46. Ne3 Qa7 47. Re2
Nd7 48. Kg2 1/2-1/2

[Event "Gibtelecom Masters 8th"]
[Site "Gibraltar"]
[Date "2010.01.31"]
[Round "6.37"]
[White "Sarkar, Justin"]
[Black "Urbina Perez, Juan Antonio"]
[Result "1-0"]
[WhiteElo "2378"]
[BlackElo "2197"]
[PlyCount "97"]
[EventDate "2010.01.26"]
[EventType "swiss"]
[EventRounds "10"]
[EventCountry "GGB"]
[SourceDate "2005.02.07"]

1. d4 d5 2. c4 c6 3. Nf3 Nf6 4. Nc3 a6 5. c5 Nbd7 6. Bf4 Nh5 7. Qd2 Nxf4 8Qxf4 g6 9. e4 dxe4 10. Bc4 Nf6 11. Ne5 e6 12. Nxe4 Be7 13. O-O O-O 14. Nxf6+
Bxf6 15. b4 Bg7 16. a4 f6 17. Nf3 Kh8 18. Qe3 Qc7 19. Rfe1 Re8 20. a5 Re7 21Qb3 Bd7 22. Bxe6 Rae8 23. Bf7 Rxe1+ 24. Rxe1 Rxe1+ 25. Nxe1 f5 26. Qe3 Bf6 27Qh6 Bg7 28. Qh4 h6 29. Qe7 Qc8 30. Bxg6 Be6 31. Nf3 Qd7 32. Qxd7 Bxd7 33. Ne5
Be6 34. f4 Kg8 35. Kf2 Kf8 36. Ke3 Ke7 37. h3 Bf6 38. g4 fxg4 39. hxg4 Bh4 40Nf3 Bg3 41. g5 hxg5 42. fxg5 Bg4 43. Be4 Bxf3 44. Bxf3 Be1 45. b5 cxb5 46. Bxb7
Bxa5 47. Bxa6 b4 48. Bc4 Bc7 49. Ke4 1-0

[Event "Gibtelecom Masters 8th"]
[Site "Gibraltar"]
[Date "2010.01.31"]
[Round "6.38"]
[White "Gandrud, Vegar Koi"]
[Black "Solomon, Kenny"]
[Result "1/2-1/2"]
[WhiteElo "2158"]
[BlackElo "2368"]
[PlyCount "86"]
[EventDate "2010.01.26"]
[EventType "swiss"]
[EventRounds "10"]
[EventCountry "GGB"]
[SourceDate "2005.02.07"]

1. d4 Nf6 2. c4 e6 3. Nf3 c5 4. d5 exd5 5. cxd5 d6 6. Nc3 g6 7. h3 Bg7 8. e4
O-O 9. Bd3 a6 10. a4 Nbd7 11. O-O Nh5 12. Bg5 Bf6 13. Bh6 Re8 14. g4 Ng7 15Bf4 Qe7 16. Qd2 Ne5 17. Nxe5 Bxe5 18. Rae1 h5 19. f3 b6 20. Qh2 f6 21. Kh1 Ra7
22. Re2 Rc7 23. Bc4 Rf8 24. Rd1 Kh7 25. Qg3 Rh8 26. Kg2 Kg8 27. Rde1 h4 28. Qh2
Kh7 29. Bxe5 dxe5 30. Rd2 Rd7 31. Kh1 Ne8 32. Qe2 Nc7 33. Nd1 Rd6 34. Ne3 Bd7
35. Bxa6 Ra8 36. Bb5 Nxb5 37. axb5 Ra5 38. Qf2 Bxb5 39. Qxh4+ Kg8 40. Nf5 gxf5
41. gxf5 Qh7 42. Rg1+ Kh8 43. Rdg2 Qxh4 1/2-1/2

[Event "Gibtelecom Masters 8th"]
[Site "Gibraltar"]
[Date "2010.01.31"]
[Round "6.39"]
[White "Zaremba, Andrie"]
[Black "Haarr, Jon Kristian"]
[Result "1-0"]
[WhiteElo "2360"]
[BlackElo "2157"]
[PlyCount "60"]
[EventDate "2010.01.26"]
[EventType "swiss"]
[EventRounds "10"]
[EventCountry "GGB"]
[SourceDate "2005.02.07"]

1. d4 d5 2. Nf3 Nf6 3. c4 c6 4. Nc3 e6 5. e3 Nbd7 6. Bd3 dxc4 7. Bxc4 b5 8. Bd3
Bb7 9. e4 a6 10. e5 Nd5 11. Nxd5 cxd5 12. Ng5 Bb4+ 13. Kf1 Be7 14. h4 Nf8 15Qf3 Bxg5 16. Bxg5 Qb6 17. Rd1 h6 18. Be3 Nd7 19. h5 O-O 20. Bxh6 gxh6 21. Qg4+
Kh8 22. Qf4 Kg7 23. Rh3 f6 24. Rg3+ Kf7 25. exf6 Nxf6 26. Qxh6 Ke8 27. Rg7 Nd7
28. Qg5 Nf6 29. Bg6+ Kd8 30. Bf7 e5 1-0

[Event "Gibtelecom Masters 8th"]
[Site "Gibraltar"]
[Date "2010.01.31"]
[Round "6.40"]
[White "Demac, Elias"]
[Black "Calzetta Ruiz, Monica"]
[Result "1-0"]
[WhiteElo "2104"]
[BlackElo "2359"]
[PlyCount "81"]
[EventDate "2010.01.26"]
[EventType "swiss"]
[EventRounds "10"]
[EventCountry "GGB"]
[SourceDate "2005.02.07"]

1. d4 Nf6 2. c4 c5 3. d5 b5 4. Nf3 g6 5. cxb5 Bg7 6. Nc3 Bb7 7. e4 e6 8. Bc4
exd5 9. exd5 O-O 10. O-O d6 11. Bf4 Re8 12. Re1 Nbd7 13. Qd3 Nb6 14. a4 Qd7 15b3 Nh5 16. Bd2 Bxc3 17. Qxc3 Nxd5 18. Bxd5 Bxd5 19. Bh6 f6 20. Red1 Qf7 21. g4
Ng7 22. Ng5 fxg5 23. Rxd5 Ne6 24. Rxd6 Nd4 25. Qc4 Nxb3 26. Qxf7+ Kxf7 27. Rd7+
Ke6 28. Rad1 Nd4 29. Rxh7 Rad8 30. Kg2 Ne2 31. Rxd8 Rxd8 32. Bxg5 Rd4 33. Rxa7
Nc3 34. h3 Nxa4 35. Ra6+ Kd7 36. Rxg6 Rb4 37. Rg7+ Kc8 38. f4 c4 39. f5 c3 40f6 Nc5 41. f7 1-0

[Event "Gibtelecom Masters 8th"]
[Site "Gibraltar"]
[Date "2010.01.31"]
[Round "6.41"]
[White "Weber, Francois"]
[Black "Lovik, Lasse Ostebo"]
[Result "0-1"]
[WhiteElo "2149"]
[BlackElo "2343"]
[PlyCount "112"]
[EventDate "2010.01.26"]
[EventType "swiss"]
[EventRounds "10"]
[EventCountry "GGB"]
[SourceDate "2005.02.07"]

1. e4 e5 2. Nf3 Nc6 3. Nc3 g6 4. Bc4 Bg7 5. O-O Nge7 6. d3 O-O 7. Bg5 h6 8. Be3
Kh7 9. d4 exd4 10. Nxd4 Ne5 11. Be2 d5 12. f4 Nc4 13. Bxc4 dxc4 14. Rf2 Bd7 15Qf1 Nc6 16. Nde2 f5 17. e5 Be6 18. Rd1 Qe7 19. Nd5 Qf7 20. Nec3 Rfd8 21. Rfd2
Rd7 22. a3 Rad8 23. Nb4 Nxb4 24. Rxd7 Rxd7 25. Rxd7 Qxd7 26. axb4 Bf8 27. b5
Bb4 28. Qd1 Qxd1+ 29. Nxd1 b6 30. Bd4 Bd7 31. Ne3 Bxb5 32. Nd5 c5 33. Be3 Bc6
34. Nf6+ Kg7 35. c3 Ba5 36. g4 fxg4 37. Nxg4 h5 38. Nf6 Kf7 39. Kf2 Ke6 40. h4
a6 41. Ke2 Kf5 42. Kf2 b5 43. Bxc5 Kxf4 44. Bd6 Bd8 45. Ke2 Kf5 46. Ke3 Bb6+
47. Ke2 Bg1 48. Ng8 Ke6 49. Ne7 Be8 50. Kf3 Bh2 51. Ke4 Bg3 52. Ng8 Bc6+ 53Ke3 Bxh4 54. Bc7 Bg3 55. Nh6 h4 56. Ng4 h3 0-1

[Event "Gibtelecom Masters 8th"]
[Site "Gibraltar"]
[Date "2010.01.31"]
[Round "6.42"]
[White "Reizniece, Dana"]
[Black "Goodger, Martyn"]
[Result "1-0"]
[WhiteElo "2341"]
[BlackElo "2147"]
[PlyCount "73"]
[EventDate "2010.01.26"]
[EventType "swiss"]
[EventRounds "10"]
[EventCountry "GGB"]
[SourceDate "2005.02.07"]

1. c4 f5 2. Nc3 Nf6 3. g3 d6 4. Bg2 e5 5. d3 Be7 6. e3 O-O 7. Nge2 c6 8. O-Qe8 9. f4 Na6 10. b3 Bd7 11. Qd2 Kh8 12. Bb2 Ng4 13. h3 Nh6 14. Rae1 Qh5 15Nd1 Bf6 16. Nf2 Rfe8 17. e4 Qf7 18. exf5 Nxf5 19. Ne4 Qe6 20. g4 Nh4 21. f5 Qg8
22. Nxd6 Nxg2 23. Kxg2 Bh4 24. Nxe8 Bxe1 25. Rxe1 Rxe8 26. Ng3 c5 27. Rxe5 Bc6+
28. Kf2 Nc7 29. Rxc5 Qf8 30. Re5 Qd6 31. Rxe8+ Nxe8 32. Qe3 b5 33. Qd4 Qc7 34Qe5 Qb6+ 35. Bd4 Qa5 36. Qc5 Qd2+ 37. Ne2 1-0

[Event "Gibtelecom Masters 8th"]
[Site "Gibraltar"]
[Date "2010.01.31"]
[Round "6.43"]
[White "Freuler, Roman"]
[Black "Sedina, Elena"]
[Result "0-1"]
[WhiteElo "2082"]
[BlackElo "2335"]
[PlyCount "80"]
[EventDate "2010.01.26"]
[EventType "swiss"]
[EventRounds "10"]
[EventCountry "GGB"]
[SourceDate "2005.02.07"]

1. e4 e6 2. d4 d5 3. e5 c5 4. c3 Qb6 5. a3 Nc6 6. Nf3 Nh6 7. Bd3 Bd7 8. Bc2
cxd4 9. cxd4 Nf5 10. Bxf5 exf5 11. Nc3 Be6 12. O-O Be7 13. b4 Rc8 14. Qd3 O-15. Bd2 Qd8 16. Rfc1 h6 17. Ne2 Qd7 18. Nf4 Nb8 19. Nh5 Rxc1+ 20. Rxc1 Rc8 21Re1 Qc6 22. Qe3 g5 23. g3 Qc2 24. h4 f4 25. gxf4 Qg6 26. Nf6+ Bxf6 27. fxg5 Be7
28. Kh1 hxg5 29. Nxg5 Bxg5 30. Qxg5 Qxg5 31. Bxg5 Nd7 32. Be7 Kh7 33. Rg1 Rc4
34. Rd1 Rc3 35. f4 Rf3 36. Bg5 Kg6 37. Rc1 Rxa3 38. Rc7 b6 39. Kg2 Rb3 40. Rxa7
Rxb4 0-1

[Event "Gibtelecom Masters 8th"]
[Site "Gibraltar"]
[Date "2010.01.31"]
[Round "6.44"]
[White "Andre, Gordon"]
[Black "Ogada-Osir, Ibrahim Okinyi"]
[Result "1/2-1/2"]
[WhiteElo "2308"]
[BlackElo "2104"]
[PlyCount "181"]
[EventDate "2010.01.26"]
[EventType "swiss"]
[EventRounds "10"]
[EventCountry "GGB"]
[SourceDate "2005.02.07"]

1. d4 Nf6 2. c4 e6 3. Nc3 b6 4. Nf3 Bb7 5. a3 Ne4 6. Nxe4 Bxe4 7. Nd2 Bb7 8. e4
d5 9. cxd5 exd5 10. Bd3 dxe4 11. Nxe4 Nc6 12. O-O Be7 13. Re1 Qxd4 14. Be3 Qd7
15. Qc2 Ne5 16. Bf1 Qc6 17. Qxc6+ Nxc6 18. Bf4 O-O-O 19. Rac1 f5 20. Ng3 Bd6
21. Bxd6 Rxd6 22. Nxf5 Rd2 23. g3 Rf8 24. Ne7+ Nxe7 25. Rxe7 c5 26. b4 Rfxf2
27. bxc5 Rc2 28. Rxc2 Rxc2 29. cxb6 axb6 30. Rxg7 h5 31. Rh7 Bf3 32. Rf7 Bc6
33. Rf4 Ra2 34. Rc4 Kd7 35. Rh4 Rxa3 36. Rxh5 Ra2 37. Rf5 Kd6 38. Rf2 Ra1 39Rb2 Kc5 40. Kf2 b5 41. g4 b4 42. h4 Bd5 43. h5 b3 44. h6 Ra2 45. h7 Rxb2+ 46Kg3 Rb1 47. h8=Q Rxf1 48. g5 Rg1+ 49. Kf4 Rg2 50. Qc3+ Kd6 51. Qb4+ Kc6 52Qa4+ Kc5 53. Qa5+ Kc6 54. Qc3+ Kd6 55. Qe5+ Kc6 56. Qe8+ Kd6 57. Qd8+ Kc6 58Ke5 Re2+ 59. Kd4 Rd2+ 60. Kc3 Rc2+ 61. Kb4 Rg2 62. Qf6+ Kd7 63. Kc5 b2 64. Qg7+
Kc8 65. Kd6 Kb8 66. Qc7+ Ka8 67. Qa5+ Kb8 68. Qxd5 b1=Q 69. Qxg2 Qg6+ 70. Ke5
Qg7+ 71. Kf4 Qc7+ 72. Kg4 Qd7+ 73. Kh4 Qh7+ 74. Kg3 Qc7+ 75. Kf2 Qc2+ 76. Kg3
Qc7+ 77. Kh4 Qh7+ 78. Kg4 Qd7+ 79. Kf4 Qc7+ 80. Kf5 Qf7+ 81. Ke5 Qe7+ 82. Kd4
Qb4+ 83. Kd3 Qb3+ 84. Kd4 Qb4+ 85. Ke3 Qc3+ 86. Ke2 Qc2+ 87. Kf1 Qc1+ 88. Kf2
Qc2+ 89. Kg1 Qd1+ 90. Kh2 Qh5+ 91. Kg1 1/2-1/2

[Event "Gibtelecom Masters 8th"]
[Site "Gibraltar"]
[Date "2010.01.31"]
[Round "6.45"]
[White "Dasaolu, Adeoye"]
[Black "Kantans, Toms"]
[Result "0-1"]
[WhiteElo "2068"]
[BlackElo "2303"]
[PlyCount "84"]
[EventDate "2010.01.26"]
[EventType "swiss"]
[EventRounds "10"]
[EventCountry "GGB"]
[SourceDate "2005.02.07"]

1. Nf3 c5 2. c4 Nc6 3. g3 g6 4. Bg2 Bg7 5. O-O e5 6. Nc3 Nge7 7. d3 O-O 8. Nd5
d6 9. Rb1 Rb8 10. a3 b5 11. Bg5 bxc4 12. dxc4 Bf5 13. Qa4 f6 14. Bd2 Bxb1 15Rxb1 e4 16. Ne1 f5 17. b4 cxb4 18. Nxe7+ Nxe7 19. axb4 Nc8 20. Rc1 Qe8 21. Qa2
Qf7 22. Nc2 Nb6 23. Na3 Rfc8 24. Bf1 Nd7 25. Rc2 Ne5 26. Kg2 d5 27. cxd5 Rxc2
28. Nxc2 Rd8 29. Ne3 g5 30. Qa5 Rd7 31. f4 gxf4 32. gxf4 Ng6 33. Be1 Nxf4+ 34Kh1 Bd4 35. Qa3 Qg6 36. Bg3 Nh5 37. Bb8 f4 38. Bh3 Rg7 39. Be6+ Kh8 40. Ng4 Nf6
41. Qa6 Rg8 42. Bxg8 Qxg4 0-1

[Event "Gibtelecom Masters 8th"]
[Site "Gibraltar"]
[Date "2010.01.31"]
[Round "6.46"]
[White "Jacobsen, Fredrik Beer"]
[Black "Kozlov, Oleg"]
[Result "0-1"]
[WhiteElo "1952"]
[BlackElo "2279"]
[PlyCount "62"]
[EventDate "2010.01.26"]
[EventType "swiss"]
[EventRounds "10"]
[EventCountry "GGB"]
[SourceDate "2005.02.07"]

1. e4 c5 2. Nc3 a6 3. a4 Nc6 4. f4 g6 5. Nf3 Bg7 6. Bc4 e6 7. f5 Nge7 8. d3 d5
9. Ba2 dxe4 10. dxe4 Qxd1+ 11. Kxd1 gxf5 12. exf5 Nxf5 13. Ne4 b6 14. g4 Nfd4
15. Nd6+ Ke7 16. Nxc8+ Raxc8 17. Nxd4 cxd4 18. Bd2 Ne5 19. Re1 d3 20. c3 Nf3
21. Re4 h5 22. g5 Nxh2 23. g6 Ng4 24. Be1 Be5 25. Bh4+ f6 26. Kd2 Rhg8 27Bxf6+ Bxf6 28. Bxe6 Bg5+ 29. Ke1 Kf6 30. Bxc8 Rxc8 31. Rd1 Kf5 0-1

[Event "Gibtelecom Masters 8th"]
[Site "Gibraltar"]
[Date "2010.01.31"]
[Round "6.47"]
[White "Avalos Parra, Joao"]
[Black "Valhondo Morales, Ruben"]
[Result "1-0"]
[WhiteElo "2245"]
[BlackElo "1762"]
[PlyCount "61"]
[EventDate "2010.01.26"]
[EventType "swiss"]
[EventRounds "10"]
[EventCountry "GGB"]
[SourceDate "2005.02.07"]

1. d4 Nf6 2. Nf3 g6 3. c4 Bg7 4. Nc3 O-O 5. e4 d6 6. Be2 e5 7. Be3 h6 8. h3 Nc6
9. d5 Ne7 10. Nd2 Ne8 11. Qc2 f5 12. f3 f4 13. Bf2 a6 14. c5 g5 15. Nc4 Rf7 16O-O-O Bf8 17. cxd6 cxd6 18. Bb6 Nc7 19. Nxe5 dxe5 20. d6 Nc6 21. dxc7 Qf6 22Bc4 Nb4 23. Qb3 Qxb6 24. Bxf7+ Kg7 25. Kb1 Qxc7 26. Be6 Nc6 27. Ne2 Bc5 28. h4
a5 29. Bxc8 Qxc8 30. hxg5 hxg5 31. Rh7+ 1-0

[Event "Gibtelecom Masters 8th"]
[Site "Gibraltar"]
[Date "2010.01.31"]
[Round "6.48"]
[White "Collier, David O"]
[Black "Arakhamia-Grant, Ketevan"]
[Result "1/2-1/2"]
[WhiteElo "2118"]
[BlackElo "2470"]
[PlyCount "101"]
[EventDate "2010.01.26"]
[EventType "swiss"]
[EventRounds "10"]
[EventCountry "GGB"]
[SourceDate "2005.02.07"]

1. d4 g6 2. c4 Bg7 3. Nc3 d6 4. e4 Nf6 5. f3 O-O 6. Be3 c6 7. Bd3 a6 8. Nge2 b5
9. O-O Nbd7 10. Rc1 e5 11. Qd2 Bb7 12. b4 exd4 13. Nxd4 Ne5 14. cxb5 axb5 15Nb3 Nfd7 16. Rfd1 Nb6 17. Qf2 Nbc4 18. Bxc4 bxc4 19. Na5 Rxa5 20. bxa5 Nd3 21Qc2 Nxc1 22. Bb6 Qg5 23. Qxc1 Qxc1 24. Rxc1 d5 25. Ne2 Re8 26. Kf2 Ba6 27. Nd4
dxe4 28. Nxc6 exf3 29. gxf3 c3 30. Nb4 Re2+ 31. Kg1 Bb7 32. a6 Bxf3 33. Rc2
Rxc2 34. Nxc2 Kf8 35. Kf2 Ba8 36. Ke3 Ke7 37. Bd4 Bxd4+ 38. Kxd4 Kd6 39. Kxc3
Kc5 40. a7 f5 41. Nd4 Kb6 42. Ne6 h6 43. Kd4 Kxa7 44. h4 Bb7 45. Ke5 Bc8 46Nd4 Kb6 47. Kf6 f4 48. Kxg6 Kc5 49. Nf3 Bg4 50. Kxh6 Bxf3 51. Kg5 1/2-1/2

[Event "Gibtelecom Masters 8th"]
[Site "Gibraltar"]
[Date "2010.01.31"]
[Round "6.49"]
[White "Forsaa, Espen"]
[Black "Popa-Matei, Viorel-Ovidiu"]
[Result "1-0"]
[WhiteElo "2301"]
[BlackElo "2137"]
[PlyCount "33"]
[EventDate "2010.01.26"]
[EventType "swiss"]
[EventRounds "10"]
[EventCountry "GGB"]
[SourceDate "2005.02.07"]

1. e4 e5 2. Nf3 Nc6 3. d4 exd4 4. Nxd4 Bc5 5. Be3 Qf6 6. c3 Nge7 7. Bc4 Ne5 8Be2 d5 9. O-O dxe4 10. Nb5 Bb6 11. Bxb6 Qxb6 12. Qd4 Nf3+ 13. gxf3 Qg6+ 14. Kh1
O-O 15. Rg1 Qh6 16. Nxc7 Rb8 17. fxe4 1-0

[Event "Gibtelecom Masters 8th"]
[Site "Gibraltar"]
[Date "2010.01.31"]
[Round "6.50"]
[White "Videnova, Iva"]
[Black "Osuna Vega, Enrique"]
[Result "0-1"]
[WhiteElo "2301"]
[BlackElo "2128"]
[PlyCount "78"]
[EventDate "2010.01.26"]
[EventType "swiss"]
[EventRounds "10"]
[EventCountry "GGB"]
[SourceDate "2005.02.07"]

1. e4 e6 2. d4 d5 3. Nc3 Nf6 4. e5 Nfd7 5. f4 c5 6. Nf3 Nc6 7. Be3 a6 8. Qd2 b5
9. a3 Qb6 10. dxc5 Bxc5 11. Bxc5 Qxc5 12. b4 Qe7 13. g3 O-O 14. Nd4 Bb7 15. Qe3
Rac8 16. Rb1 Nxd4 17. Qxd4 Rxc3 18. Qxc3 d4 19. Qxd4 Bxh1 20. c4 bxc4 21. Bxc4
Nb8 22. Rd1 h6 23. h4 Qb7 24. Rd2 Bf3 25. Kf2 Bg4 26. Kg1 Nc6 27. Qe3 Ne7 28Kh2 Nf5 29. Qd3 Ra8 30. Qf1 h5 31. Qf2 Rc8 32. Bf1 Qc6 33. Bd3 Qc1 34. a4 Bf3
35. Bf1 Bd5 36. Re2 Nh6 37. Kg1 Rc3 38. Qe1 Qa3 39. Kh2 Rc1 0-1

[Event "Gibtelecom Masters 8th"]
[Site "Gibraltar"]
[Date "2010.01.31"]
[Round "6.51"]
[White "Fox, Anthony"]
[Black "Perez Pardo, Juan Carlos"]
[Result "1/2-1/2"]
[WhiteElo "2113"]
[BlackElo "2297"]
[PlyCount "64"]
[EventDate "2010.01.26"]
[EventType "swiss"]
[EventRounds "10"]
[EventCountry "GGB"]
[SourceDate "2005.02.07"]

1. e4 e5 2. Nf3 Nc6 3. Nc3 Bc5 4. Nxe5 Nxe5 5. d4 Bd6 6. dxe5 Bxe5 7. f4 Bxc3+
8. bxc3 d6 9. Bc4 Be6 10. Bxe6 fxe6 11. Qh5+ Kd7 12. Qb5+ Kc8 13. Rb1 b6 14O-O Kb7 15. Qb3 Qd7 16. c4 Nf6 17. Qd3 Qc6 18. Re1 e5 19. f5 Raf8 20. Bg5 Nd7
21. Qd5 Nc5 22. Re3 h6 23. Bh4 Qxd5 24. cxd5 g5 25. Be1 Kc8 26. Bb4 Kd7 27Bxc5 dxc5 28. c4 Ke7 29. a4 Rf6 30. Rg3 Rd6 31. Kf2 Kf6 32. Rh1 h5 1/2-1/2

[Event "Gibtelecom Masters 8th"]
[Site "Gibraltar"]
[Date "2010.01.31"]
[Round "6.52"]
[White "Stebbings, Anthony J"]
[Black "Fokin, Sergey"]
[Result "0-1"]
[WhiteElo "2290"]
[BlackElo "2109"]
[PlyCount "74"]
[EventDate "2010.01.26"]
[EventType "swiss"]
[EventRounds "10"]
[EventCountry "GGB"]
[SourceDate "2005.02.07"]

1. e4 c5 2. Nf3 e6 3. d4 cxd4 4. Nxd4 a6 5. Nc3 b5 6. Bd3 Qb6 7. Nb3 Qc7 8. O-Bb7 9. Qe2 Nc6 10. f4 d6 11. Bd2 Nf6 12. Rae1 Be7 13. Kh1 O-O 14. Rf3 g6 15Rh3 b4 16. Nd1 d5 17. e5 Ne4 18. Bxe4 dxe4 19. Nf2 Rfd8 20. c3 Na5 21. cxb4
Nxb3 22. Rxb3 Bd5 23. Rc3 Qb7 24. a3 a5 25. b5 e3 26. Bxe3 Bxg2+ 27. Kg1 Bf3
28. Qf1 Rd5 29. b6 Bd8 30. Rec1 Rd7 31. Qb5 Kg7 32. b4 axb4 33. Qxb4 Qa6 34Rb1 Qe2 35. Qb2 Rd1+ 36. Rxd1 Qxb2 37. Rcc1 Bxd1 0-1

[Event "Gibtelecom Masters 8th"]
[Site "Gibraltar"]
[Date "2010.01.31"]
[Round "6.53"]
[White "Valgmae, Toomas"]
[Black "Getz, Nicolai"]
[Result "0-1"]
[WhiteElo "2154"]
[BlackElo "2280"]
[PlyCount "84"]
[EventDate "2010.01.26"]
[EventType "swiss"]
[EventRounds "10"]
[EventCountry "GGB"]
[SourceDate "2005.02.07"]

1. d4 d5 2. c4 c6 3. Nf3 Nf6 4. Nc3 dxc4 5. a4 Bf5 6. Ne5 Nbd7 7. Nxc4 Qc7 8g3 e5 9. dxe5 Nxe5 10. Bf4 Nfd7 11. Bg2 g5 12. Ne3 gxf4 13. Nxf5 O-O-O 14. Qc2
Ng6 15. O-O Kb8 16. Rfc1 a5 17. b4 axb4 18. Nb5 Qb6 19. Nbd6 Nde5 20. a5 Qa6
21. Qc5 b3 22. Rab1 Qa7 23. Qb4 f3 24. Bxf3 Nxf3+ 25. exf3 c5 26. Qd2 Qa6 27Rd1 Bxd6 28. Nxd6 Kc7 29. Qd5 Rxd6 30. Qxf7+ Kb8 31. Rxd6 Qxd6 32. Rxb3 Qc7 33Qd5 Ka7 34. f4 Re8 35. f5 Re1+ 36. Kg2 Ne7 37. Qf3 Nc6 38. f6 Re8 39. Qd5 Re5
40. Qc4 Rf5 41. f4 Nxa5 42. Ra3 Rxf6 0-1

[Event "Gibtelecom Masters 8th"]
[Site "Gibraltar"]
[Date "2010.01.31"]
[Round "6.54"]
[White "Nikolaidis, Konstantinos"]
[Black "Cafolla, Peter"]
[Result "1/2-1/2"]
[WhiteElo "2266"]
[BlackElo "2042"]
[PlyCount "116"]
[EventDate "2010.01.26"]
[EventType "swiss"]
[EventRounds "10"]
[EventCountry "GGB"]
[SourceDate "2005.02.07"]

1. d4 d5 2. c4 e6 3. Nf3 Nf6 4. g3 c5 5. cxd5 exd5 6. Bg2 Nc6 7. O-O Be7 8. Nc3
O-O 9. dxc5 Bxc5 10. Na4 Be7 11. Be3 Bf5 12. Nd4 Nxd4 13. Bxd4 Ne4 14. Nc3 Qd7
15. Re1 Rfd8 16. Qb3 b6 17. Rad1 Be6 18. Nxe4 dxe4 19. Qc2 Rac8 20. Qb1 Qa4 21b3 Qb4 22. Qxe4 Qa5 23. Qb1 Bb4 24. Rf1 Bg4 25. Bf3 Bh3 26. Bg2 Bg4 27. f3 Bf5
28. e4 Rxd4 29. Rxd4 Bc5 30. exf5 Bxd4+ 31. Kh1 Be3 32. Rd1 Qa3 33. Bf1 Bg5 34f4 Bf6 35. Bg2 Bb2 36. h4 Rc1 37. Rxc1 Bxc1 38. Qe4 Qf8 39. Qb7 Ba3 40. Qxa7
Bc5 41. Bd5 h6 42. b4 Bxb4 43. Qxb6 Ba3 44. Qa7 Bc5 45. Qd7 Ba3 46. g4 Qe7 47Qxe7 Bxe7 48. g5 Kf8 49. Kg2 f6 50. gxh6 gxh6 51. a4 Bb4 52. Kf3 Ke7 53. Kg4
Kf8 54. Bc4 Bd2 55. Kf3 Ke7 56. Bb3 Be1 57. h5 Kd6 58. Ke4 Kc5 1/2-1/2

[Event "Gibtelecom Masters 8th"]
[Site "Gibraltar"]
[Date "2010.01.31"]
[Round "6.55"]
[White "Havik, Victor"]
[Black "Meskovs, Nikita"]
[Result "1/2-1/2"]
[WhiteElo "2093"]
[BlackElo "2264"]
[PlyCount "82"]
[EventDate "2010.01.26"]
[EventType "swiss"]
[EventRounds "10"]
[EventCountry "GGB"]
[SourceDate "2005.02.07"]

1. d4 c5 2. d5 Nf6 3. c4 b5 4. cxb5 a6 5. b6 Qxb6 6. Nc3 d6 7. e4 g6 8. Nf3
Nbd7 9. Nd2 Bg7 10. a4 O-O 11. Be2 Qd8 12. O-O Rb8 13. Qc2 Ne8 14. Nc4 Ne5 15Ne3 Nc7 16. Kh1 e6 17. f4 Nd7 18. a5 exd5 19. exd5 Re8 20. Nc4 Nf6 21. Nb6 Ng4
22. g3 Bd4 23. Bd3 Bb7 24. Bc4 f5 25. Qg2 Re7 26. Bd2 Qf8 27. h3 Nf6 28. Rae1
Rbe8 29. Rxe7 Rxe7 30. Re1 Rxe1+ 31. Bxe1 h5 32. Kh2 Kh7 33. Qe2 Qf7 34. Bf2
Bxc3 35. bxc3 Nfxd5 36. Nxd5 Bxd5 37. Bxa6 h4 38. Bd3 hxg3+ 39. Kxg3 c4 40. Bc2
Bb7 41. Bd4 Kh6 1/2-1/2

[Event "Gibtelecom Masters 8th"]
[Site "Gibraltar"]
[Date "2010.01.31"]
[Round "6.56"]
[White "Stephan, Axel"]
[Black "Mortensen, Henrik"]
[Result "1-0"]
[WhiteElo "2252"]
[BlackElo "2015"]
[PlyCount "93"]
[EventDate "2010.01.26"]
[EventType "swiss"]
[EventRounds "10"]
[EventCountry "GGB"]
[SourceDate "2005.02.07"]

1. e4 Nf6 2. e5 Nd5 3. c4 Nb6 4. b3 d6 5. exd6 exd6 6. Bb2 N8d7 7. Nf3 Nf6 8Qe2+ Qe7 9. Bxf6 Qxe2+ 10. Bxe2 gxf6 11. O-O Bg4 12. Nd4 Bxe2 13. Nxe2 d5 14d3 dxc4 15. dxc4 O-O-O 16. Nbc3 Bd6 17. Rad1 Rhe8 18. Rfe1 c6 19. Kf1 Bb4 20Rxd8+ Rxd8 21. Rd1 Rxd1+ 22. Nxd1 Kd7 23. Nf4 Nc8 24. Ke2 Ne7 25. Kf3 Ng6 26Nh5 Ke6 27. Ne3 Bf8 28. Ke4 Ne7 29. Nf4+ Kd6 30. Nf5+ Nxf5 31. Kxf5 Be7 32. Nd3
Bd8 33. h4 Be7 34. g4 Bd8 35. h5 Be7 36. h6 b5 37. f4 bxc4 38. bxc4 a5 39. a4
Bd8 40. g5 fxg5 41. fxg5 Be7 42. Ne5 Kc5 43. Nxf7 Kxc4 44. g6 hxg6+ 45. Kxg6
Bb4 46. Ne5+ Kd5 47. h7 1-0